000 02439cam a2200301 4500500
005 20260208004336.0
041 _afre
042 _adc
100 1 0 _aDuteil-Ogata, Fabienne
_eauthor
245 0 0 _aLa photo-interview : dialogues avec des Japonais
260 _c2007.
500 _a79
520 _aRésuméPeu d’ethnologues ont utilisé jusqu’à présent la photo-interview, pourtant formalisée depuis 1967 par John Collier. Expérimentée auprès de la population japonaise de Toulouse, sur le thème des pratiques religieuses, cette méthode s’est révélée efficace. De cette manière, l’ethnologue a pu recueillir les interprétations et les réactions des immigrés japonais aux photographies qu’il leur a présentées. Les données ainsi obtenues à la lecture des clichés ont été rassemblées puis analysées, permettant de décrypter les systèmes de représentation de cette population.
520 _aFew ethnologists have used until now the photo-interview such as formalized by John Collier as early as 1967. Tested to study the religious practices of the Japanese community of Toulouse this method proved to be very fruitful in that it enabled the ethnologist to collect Japanese immigrants’ interpretations of and reactions to the photographs he showed them. The collected data were then analyzed and permitted to decipher the systems of representation of this population.
520 _aZusammenfassungWenige Ethnologen haben bis heute das Foto-interview gebraucht, das schon seit 1967 von John Collier formalisiert wurde. Diese Methode, die hier erprobt wurde, um die religiösen Praktiken der japanischen Gemeinschaft von Toulouse zu studieren, erwies sich sehr fruchtbar. Sie ermöglichte dem Ethnologen die Interpretationen und Reaktionen der japanischen Immigranten gegenüber den ihnen gezeigten Fotos zu sammeln und aus die so erhaltenen Daten die Darstellungssysteme dieser Bevölkerung zu verstehen.
690 _aimmigration
690 _aJapon
690 _aJohn Collier
690 _aphoto-interview
690 _apratiques religieuses
690 _aimmigration
690 _aJapan
690 _aJohn Collier
690 _aphoto-interview
690 _areligious practices
786 0 _nEthnologie française | 37 | 1 | 2007-03-01 | p. 69-78 | 0046-2616
856 4 1 _uhttps://shs.cairn.info/revue-ethnologie-francaise-2007-1-page-69?lang=fr&redirect-ssocas=7080
999 _c1649402
_d1649402